000 00563nam a22001697a 4500
082 _aT-159
_bCEM
100 _aYasar Saleem Alvi
_948527
245 _aAnalysis of Critical Success Factors of Design Build Projects in Pakistan
260 _aRisalpur Cantt
_bMCE
300 _aP 103
526 _a0
_b0
_c0
_dT_159_CEM
650 _aThesis
_bCEM
_948528
700 _aConstruction Engineering & Management
_948529
700 _aDr. Muhammad Bilal Khurshid
_916538
856 _uhttp://172.25.8.12:8080/browse/search?query=Yasar+Saleem+Alvi+%2C+
942 _2ddc
_cBK
999 _c551441
_d551441